| Tag |
First Indicator |
Second Indicator |
Subfields |
| LEADER |
00000cam a2200000 i 4500 |
| 001 |
in00005715721 |
| 005 |
20260319164731.5 |
| 006 |
m o d |
| 007 |
cr cnu---unuuu |
| 008 |
180130s2018 nyua ob 001 0 eng |
| 010 |
|
|
|a 2018004743
|
| 040 |
|
|
|a DLC
|b eng
|e rda
|e pn
|c DLC
|d OCLCO
|d OCLCF
|d OCLCQ
|d N$T
|d EBLCP
|d YDX
|d OCLCO
|d STBDS
|d FIE
|d CEF
|d OTZ
|d U3W
|d OCLCQ
|d LVT
|d BRX
|d OCLCQ
|d UKAHL
|d OCLCO
|d SFB
|d OCLCO
|d OCLCQ
|d OCLCO
|d OCLCL
|d COA
|d CLOUD
|d OCLCO
|d UKKRT
|d OCLCQ
|d OCLCL
|
| 019 |
|
|
|a 1298441782
|a 1340064754
|a 1475688595
|a 1479398347
|a 1503858868
|a 1541778853
|
| 020 |
|
|
|a 9780199375981
|q (electronic book)
|
| 020 |
|
|
|a 0199375984
|q (electronic book)
|
| 020 |
|
|
|a 9780199375998
|q (electronic book)
|
| 020 |
|
|
|a 0199375992
|q (electronic book)
|
| 020 |
|
|
|z 9780199375967
|q (hardcover ;
|q alkaline paper)
|
| 020 |
|
|
|z 0199375968
|
| 020 |
|
|
|z 9780199375974
|
| 020 |
|
|
|z 0199375976
|
| 020 |
|
|
|a 9780190873868
|
| 020 |
|
|
|a 0190873868
|
| 024 |
8 |
|
|a 40028300464
|
| 024 |
8 |
|
|a (WaSeSS)ssj0001993705
|
| 035 |
|
|
|a (OCoLC)1022078869
|z (OCoLC)1298441782
|z (OCoLC)1340064754
|z (OCoLC)1475688595
|z (OCoLC)1479398347
|z (OCoLC)1503858868
|z (OCoLC)1541778853
|
| 037 |
|
|
|a w8a9tg9
|b cloudLibrary
|n https://yourcloudlibrary.com
|
| 042 |
|
|
|a pcc
|
| 050 |
1 |
4 |
|a B105.A55
|b A55 2018
|
| 072 |
|
7 |
|a SCI
|x 015000
|2 bisacsh
|
| 082 |
0 |
0 |
|a 113/.8
|2 23
|
| 049 |
|
|
|a TXAM
|
| 245 |
0 |
0 |
|a Animals :
|b a history /
|c edited by Peter Adamson and G. Fay Edwards.
|
| 264 |
|
1 |
|a New York, NY :
|b Oxford University Press,
|c [2018]
|
| 300 |
|
|
|a 1 online resource (xiv, 454 pages) :
|b illustrations
|
| 336 |
|
|
|a text
|b txt
|2 rdacontent
|
| 337 |
|
|
|a computer
|b c
|2 rdamedia
|
| 338 |
|
|
|a online resource
|b cr
|2 rdacarrier
|
| 347 |
|
|
|a text file
|2 rdaft
|0 http://rdaregistry.info/termList/fileType/1002.
|
| 490 |
1 |
|
|a Oxford philosophical concepts
|
| 504 |
|
|
|a Includes bibliographical references and indexes.
|
| 588 |
0 |
|
|a Online resource; title from digital title page (viewed on June 06, 2018).
|
| 505 |
0 |
0 |
|g Introduction /
|r Peter Adamson --
|t Aristotle on animals /
|r Devin Henry --
|t Reincarnation, rationality, and temperance : Platonists on not eating animals /
|r G. Fay Edwards --
|t Listening to Aesop's animals /
|r Jeremy B. Lefkowitz --
|t Illuminating thought : animals in classical Indian thought /
|r Amber D. Carpenter --
|t The joy of fish and Chinese animal painting /
|r Hou-Mei Sung --
|t Human and animal nature in the philosophy of the Islamic world /
|r Peter Adamson --
|t Of rainbow snakes and baffling buffalo : on a Central African mask /
|r Allen F. Roberts --
|t Marking the boundaries : animals in medieval Latin philosophy /
|r Juhana Toivanen --
|t Animal intelligence : examples of the human-animal border in medieval literature /
|r Sabine Obermaier --
|t Subversive laughter in Reynard the Fox /
|r James Simpson --
|t Animals in the Renaissance : you eat what you are /
|r Cecilia Muratori --
|t Animal souls and beast machines : Descartes's mechanical biology /
|t Deborah J. Brown --
|t Kant on animals /
|r Patrick Kain --
|t The gaze of the ape : Gabriel von Max's Affenmalerei and the question of all questions /
|r Cecilia Muratori --
|t The emergence of the drive concept and the collapse of the animal/human divide /
|r Paul Katsafanas --
|t Governing Darwin's world /
|r Philip Kitcher --
|t Morgan's canon : animal psychology in the twentieth century and beyond /
|r Helen Steward --
|t The contemporary debate in animal ethics /
|r Robert Garner.
|
| 520 |
|
|
|a This volume traces the history of animals in philosophy, from antiquity down to contemporary times. Negative attitudes towards animals, as found in Aristotle and Descartes, turn out to be more nuanced than usually supposed, while remarkable discussions of animal welfare appear in late antiquity, India, the Islamic world, and Kant.
|
| 520 |
|
|
|a "Philosophical controversy over non-human animals extends further back than many realize -- before Utilitarianism and Darwinism to the very genesis of philosophy. This volume examines the richness and complexity of that long history. Twelve essays trace the significance of animals from Greek and Indian antiquity through the Islamic and Latin medieval traditions, to Renaissance and early modern thought, ending with contemporary notions about animals. Two main questions emerge throughout the volume: what capacities can be ascribed to animals, and how should we treat them? Notoriously ungenerous attitudes towards animals' mental lives and ethics status, found for instance in Aristotle and Descartes, are shown to have been more nuanced than often supposed, while remarkable defenses of benevolence towards animals are unearthed in late antiquity, India, the Islamic world, and Kant. Other chapters examine cannibalism and vegetarianism in Renaissance thought, and the scientific testing of animals. A series of interdisciplinary reflections sheds further light on human attitudes towards animals, looking at their depiction in visual artworks from China, Africa, and Europe, as well as the rich tradition of animal fables beginning with Aesop." -- Publisher's description.
|
| 650 |
|
0 |
|a Animals (Philosophy)
|
| 650 |
|
6 |
|a Animaux (Philosophie)
|
| 650 |
|
7 |
|a SCIENCE
|x Cosmology.
|2 bisacsh
|
| 650 |
|
7 |
|a Animals (Philosophy)
|2 fast
|
| 655 |
|
7 |
|a Electronic books.
|2 local
|
| 700 |
1 |
|
|a Adamson, Peter,
|d 1972-
|e editor.
|1 https://id.oclc.org/worldcat/entity/E39PBJjtbCXDQVVfQMP4TtdhHC
|
| 700 |
1 |
|
|a Edwards, G. Fay,
|e editor.
|
| 758 |
|
|
|i has work:
|a Animals (Text)
|1 https://id.oclc.org/worldcat/entity/E39PCFBwgb9kVtVfRpf6cv78md
|4 https://id.oclc.org/worldcat/ontology/hasWork
|
| 776 |
0 |
8 |
|i Print version:
|t Animals.
|d New York : Oxford University Press, 2018
|z 9780199375967
|w (DLC) 2017036011
|
| 776 |
0 |
8 |
|c Original
|z 9780199375967
|z 0199375968
|z 9780199375974
|z 0199375976
|w (DLC) 2017036011
|
| 830 |
|
0 |
|a Oxford philosophical concepts.
|
| 856 |
4 |
0 |
|u http://proxy.library.tamu.edu/login?url=https://academic.oup.com/book/34792
|z Connect to the full text of this electronic book
|t 0
|
| 955 |
|
|
|a Oxford Scholarship Online
|
| 994 |
|
|
|a 92
|b TXA
|
| 999 |
f |
f |
|i 7cbd0969-5b58-49a0-ba62-a1cb905a1518
|s 88dffead-be6f-4129-a87b-84801d4b4aa3
|t 0
|
| 952 |
f |
f |
|a Texas A&M University
|b College Station
|c Electronic Resources
|s www_evans
|d Available Online
|t 0
|e B105.A55 A55 2018
|h Library of Congress classification
|
| 998 |
f |
f |
|a B105.A55 A55 2018
|t 0
|l Available Online
|